Velká Studená dolina Obří vodopád

Bibliographic Details
Other Authors: Chytil, Alois, 1877-1949 (Photographer)
Format: Postcard
Language:Czech
PhysicalDescription:1 pohľadnica čiernobiela 14 x 9 cm
Published: Praha A. Chytil 1920
Subjects:

MARC

LEADER 00000nkm a2200000 a 4500
001 vtls010861792
003 SK-MaSNL
005 20260512125106.0
007 kp bo
008 231214s1920 xr g 00 kucze
015 |a SNBG 
035 |a 3D950996-6569-4696-B75C-6AC1A8638475 
035 |a urn:nbn:sk:snk-kmxzwo 
035 |a urn:nbn:sk:snk-km007c6v 
040 |a SNK  |b slo  |c SNK  |e AACR2 
041 0 |a cze 
043 |a e-xo--- 
044 |a xr  |c CZ 
080 |a 551.435.14(282.3)  |2 2001 
080 |a 913(437.6-191.2)  |2 2001 
080 |a (084.121)  |2 2001 
100 1 |a Chytil, Alois,  |d 1877-1949  |4 pht  |9 61994 
245 1 0 |a Velká Studená dolina  |h grafika  |b Obří vodopád  |c Fot. A. Chytil 
260 |a Praha  |b A. Chytil  |c 1920 
300 |a 1 pohľadnica  |b čiernobiela  |c 14 x 9 cm 
650 0 7 |a vodopády  |2 SNKPH  |9 55574 
651 7 |a Vysoké Tatry (Poľsko a Slovensko : pohorie)  |2 SNKPHgeo  |9 67729 
651 7 |a Veľká Studená dolina (Slovensko)  |2 SNKPH  |9 160671 
651 7 |a Obrovský vodopád (Vysoké Tatry, Slovensko)  |2 SNKPH  |9 55672 
655 7 |a geografické pohľadnice  |2 SNKPH  |9 70522 
852 |a Slovenská národná knižnica 
958 |a GBN 
958 |a GC 
958 |a ONDV 
999 |c 1014435  |d 1016365 
952 |a SNK  |b SNK  |y PREZ  |7 0  |p 17A1164035  |o snkSP 4291  |0 0  |1 0  |4 0  |d 2015-08-19  |f 1  |l 0  |r 2026-02-24 13:04:24  |w 2026-02-24